Gaad-manjusha. (Record no. 104815)

MARC details
000 -LEADER
fixed length control field 00501nam a2200193Ia 4500
003 - CONTROL NUMBER IDENTIFIER
control field OSt
005 - DATE AND TIME OF LATEST TRANSACTION
control field 20260406160036.0
008 - FIXED-LENGTH DATA ELEMENTS--GENERAL INFORMATION
fixed length control field 210210b2002 xxu||||| |||| 00| 0 eng d
040 ## - CATALOGING SOURCE
Transcribing agency AL
041 ## - LANGUAGE CODE
Language code of text/sound track or separate title Hindi
082 ## - DEWEY DECIMAL CLASSIFICATION NUMBER
Classification number H891.4 GOVG
100 ## - MAIN ENTRY--PERSONAL NAME
Personal name GOVIND.
Dates associated with a name गोविन्द
9 (RLIN) 260351
245 ## - TITLE STATEMENT
Title Gaad-manjusha.
Remainder of title गाड्या मंजूषा
260 ## - PUBLICATION, DISTRIBUTION, ETC.
Place of publication, distribution, etc. Mayura.
Name of publisher, distributor, etc. Amar Prakashan
Date of publication, distribution, etc. 2002
300 ## - PHYSICAL DESCRIPTION
Extent 112
690 ## - LOCAL SUBJECT ADDED ENTRY--TOPICAL TERM (OCLC, RLIN)
Topical term or geographic name as entry element Hindi Prose
9 (RLIN) 260352
906 ## - LOCAL DATA ELEMENT F, LDF (RLIN)
a 057499
942 ## - ADDED ENTRY ELEMENTS (KOHA)
Source of classification or shelving scheme Dewey Decimal Classification
Koha item type Book
Holdings
Withdrawn status Lost status Source of classification or shelving scheme Damaged status Not for loan Collection code Home library Current library Shelving location Date acquired Source of acquisition Cost, normal purchase price Total Checkouts Full call number Barcode Date last seen Price effective from Koha item type
    Dewey Decimal Classification     Hindi St Aloysius Library St Aloysius Library   02/17/2021 SAC Co-Operative Store, Mangalore -03. 25.00   H891.4 GOVG 057499 02/17/2021 02/17/2021 Book